000 00724nam a2200205Ii 4500
003 JO-AjNU
008 230605s9999||||xx |||||||||||||| ||und||
040 _aJO-AjNU
_bara
_erda
_cJO-AjNU
041 _aara
050 1 4 _aHF5693 .A7.K372 1996
100 3 _aتأليف كراجه، عبدالحليم,
_eauthor
_945796
245 0 0 _aالرياضة المالية
264 3 1 _aعمان: المؤلف، 1996
300 _a202ص
_bيحتوي على جداول من ص 171-202 ص
336 _atext
_btxt
_2rdacontent
337 _aunmediated
_bn
_2rdamedia
338 _avolume
_bnc
_2rdacarrier
490 0 _aسلسلة مراجع المحاسب ؛4
650 4 _aالمحاسبة المالية - الرياضيات
_945797
999 _aA19877
_c23445
_d23445